| 000 | 00000nam##2200000za#4500 |
| 001 | 9.691142 |
| 003 | CaOODSP |
| 005 | 20241203113636 |
| 007 | cr ||||||||||| |
| 008 | 150407|2008||||xxc|||||o f|0| 0 eng|d |
| 020 | |a978-1-100-10070-8 |
| 040 | |aCaOODSP|beng |
| 043 | |an-cn--- |
| 086 | 1 |aEn84-59/1-2008E-PDF |
| 110 | 1 |aCanada. |bEnvironment Canada. |
| 245 | 10|aTurning the corner - Canada's Credit for Early Action Program : |h[electronic resource]|bfinal program guide |
| 260 | |aOttawa - Ontario : |bEnvironment Canada |cc2008. |
| 300 | |a35p.|bfig., tables |
| 590 | |a10-07-Supp|b2010-09-08 |
| 775 | 08|tPredre le virage - Programme canadien de crédit pour des mesures d'action précoce : |w(CaOODSP)9.635473 |
| 856 | 40|ahttp://publications.gc.ca|qPDF|s1248 KB|uhttps://publications.gc.ca/collections/collection_2010/ec/En84-59-1-2008-eng.pdf |